000 00648nam a2200253Ia 4500
005 20250425162158.0
008 250425s9999 xx 000 0 und d
020 _a8432937029
041 _aspa
043 _asp
082 _a658.15937
100 _aBUZZELLI, GIOVANNI EMILIO
245 0 _aMANUAL DE LA INDUSTRIA HOTELERA: PROYECTO, ESTRUCTURA Y TECNOLOGIA
250 _a1A ED.
260 _aBARCELONA
260 _aEspaƱa
_bCEAC
_c1994
300 _a307
650 _aDIRECCION HOTELERA
650 _aGESTION TURISTICA
650 _aHOTELES-ADMINISTRACION
650 _aINDUSTRIA DEL TURISMO
942 _c01
010 _a54543
999 _c223948
_d223948